|
|
|
|
| LEADER |
01342nam a2200265 a 4500 |
| 001 |
GR-MES16535 |
| 008 |
140624s gr 000 0 gre d |
| 020 |
|
|
|a 9789609938839
|
| 040 |
|
|
|a GrPaTEI
|b gre
|c GR-PaULI
|
| 040 |
|
|
|a GrPaTEI
|b gre
|c GR-PaULI
|
| 082 |
|
0 |
|a 330.949 5
|2 22
|
| 100 |
1 |
|
|a Πετράκης, Παναγιώτης Ε.,
|d 1953-
|
| 245 |
1 |
2 |
|a Η ελληνική οικονομία και η κρίση :
|b προκλήσεις και προοπτικές /
|c Π.Ε.Πετράκης.
|
| 260 |
|
|
|a Αθήνα :
|b Quaestor,
|c 2011
|
| 300 |
|
|
|a 490σ.
|
| 500 |
|
|
|a σύστημα εύδοξος αρ.εισ. 27371,27370
|
| 610 |
|
4 |
|a Σύστημα ΕΥΔΟΞΟΣ
|
| 650 |
|
4 |
|a Οικονομικές κρίσεις
|z Ελλάς
|
| 650 |
|
4 |
|a Οικονομική πολιτική
|z Ελλάς
|
| 710 |
0 |
|
|a Ouaestor
|
| 942 |
|
|
|2 ddc
|
| 952 |
|
|
|0 0
|1 0
|2 ddc
|4 0
|6 330_949000000000000_5_ΠΕΤ
|7 0
|9 274536
|a MSLG
|b MSLG
|c EUD
|d 2021-01-17
|e 24
|f 0
|g 0.00
|l 0
|o 330.949 5 ΠΕΤ
|p 2420000027371
|r 2021-01-17 00:00:00
|t 1
|w 2021-01-17
|y BK15
|x 20140624 0 Κ.Γ. 1
|x GrPaTEI
|
| 952 |
|
|
|0 0
|1 0
|2 ddc
|4 0
|6 330_949000000000000_5ΠΕΤ
|7 0
|9 274537
|a MSLG
|b MSLG
|c EUD
|d 2021-01-17
|e 24
|f 0
|g 0.00
|l 0
|o 330.949 5ΠΕΤ
|p 2420000027370
|r 2021-01-17 00:00:00
|t 1
|w 2021-01-17
|y BK15
|x 20140624 0 Κ.Γ. 1
|x GrPaTEI
|
| 971 |
|
|
|a .b25825847
|b 01-10-20
|c 13-09-16
|
| 999 |
|
|
|c 158879
|d 158879
|